000 01233nam a22004570a 4500
001 PT31375
003 AR-LpoUNG
005 20210131233719.0
008 191001s2008||||ag |||||||||||||||||spa d
020 _a9789505577422
_c$10.50
040 _aAR-LpoUNG
_bspa
_cAR-LpoUNG
_eaacr
041 _aspa
044 _aag
082 0 _a982.065 712arg
100 1 _aLida, Clara E.
_ecomp.
245 1 0 _aArgentina, 1976 :
_bestudios en torno al golpe de estado
250 _a1ra ed.
260 _aBuenos Aires :
_bFondo de Cultura Económica,
_c2008.
300 _aII., 287 p. :
_btbls.
650 4 _aANALISIS HISTORICO
650 4 _aARGENTINA
650 4 _aDERECHOS HUMANOS
650 4 _aDICTADURA
650 4 _aECONOMIA
650 4 _aEMPRESARIOS
650 4 _aFUERZAS ARMADAS
650 4 _aGOBIERNO MILITAR
650 4 _aGOLPES DE ESTADO
650 4 _aHISTORIA POLITICA
650 4 _aIDEOLOGIAS POLITICAS
650 4 _aIGLESIA CATOLICA
650 4 _aINTERVENCION DEL ESTADO
650 4 _aMOVIMIENTOS SOCIALES
650 4 _aSINDICALISMO
650 4 _aVIOLENCIA
651 4 _aArgentina
700 1 _aCrespo, Horacio
_ecomp.
700 1 _aYankelevich, Pablo
_ecomp.
905 _a31375
942 _cLIB
999 _c22313
_d22313